000 00913nam a2200217 i 4500
001 179252
003 ES-MaACL
005 20230918185355.0
008 111017s2010 sp aco |||| |bspa d
080 _a929 Toyos González, Juan de los
100 1 _aComonte Santamaría, Ángel.
_9148298
245 1 0 _aJuan de los Toyos González
_b: biografía de un pequeño gran hombre : 120 aniversario de su nacimiento /
_cÁngel Comonte Santamaría.
260 _a[Baracaldo] :
_bFundación Juan de los Toyos,
_c[2010]
300 _a159 p. :
_bil., fot. ;
_c29 cm.
504 _aBibliografía: p. 129-157.
600 1 7 _aToyos González, Juan de los.
_9148299
710 2 _aFundación Juan de los Toyos.
_9148300
852 _aES-MaACL
_9186133
_jA-11639
_bR.146848
_dOlim: N-4644
_cDEPO1
_zDedicatoria autógrafa del autor
_xDonación: Ángel Comonte Santamaría
942 _2udc
_cMONOGRAFIA
999 _c179252
_d179252